01611nam a22002057a 4500003000900000005001700009008004100026040002800067100004200095245022200137260002500359300003500384502019000419504005300609505049200662700005401154700004301208700002701251830012701278DO-SdBJH20210305162515.0210305b ||||| |||| 00| 0 spa d aDO-SdBJHbspacDO-SdBJH1 4Contreras Ulloa, Marianoesustentante10aSituación actual y prospectiva de la unidas aeronaval de la Armada de la República Dominicana / cMariano Contreras Ulloa, Roberto Carlos De los Santos Gamboa, asesores Manuel Virgilio Feliz Ledesma, Mercedes Tena aSanto Domingo Este : axxii, 38 páginas, gráficos aTrabajo de grado (Licenciado en Ciencias Navales). -- Instituto Superior para la Defensa (INSUDE). Academia Naval Marina de Guerra “Vicealmirante César D’Windt Lavandier”, 2018. aIncluye referencias bibliográficas e índices aEvaluación de la unidad aeronaval en otras Armada de la región, para el conocimiento de sus antecedentes históricos y la implementación de la misma, en la Armada de República Dominicana. -- Recursos necesarios para mantener la operatividad de la unidad aeronaval de la Armada de República Dominicana. -- Planes futuros, para la unidad aeronaval de la Armada de República Dominicana y la importancia de tener aviones de reconocimiento en la Armada de República Dominicana1 aDe los Santos Gamboa, Roberto Carlosesustentante1 aFeliz Ledesma, Manuel Virgilioeasesor1 aTena, Mercedeseasesor aINSUDE. Academia Naval Marina de Guerra “Vicealmirante Cesar D’Windt Lavandier”. Tesis y disertaciones académicas